Verejná osobná doprava 2009 medzinárodná konferencia : zborník konferencie : 10.-11. september 2009, Bratislava, Slovak Republic

Bibliographic Details
Corporate Author: Verejná osobná doprava Bratislava, Slovensko
Format: Conference Proceeding Book
Language:Slovak
Czech
English
PhysicalDescription:140 s. fotogr., grafy, mp., tab. 29 cm
Published: Bratislava Kongres management 2009
ISBN:9788089275182
Edition:1. vyd.
Subjects:

MARC

LEADER 00000nam a2200000 a 4500
001 vtls010038955
003 SK-MaSNL
005 20260302081330.0
008 250414s2009 xo odblf 100 0 slo
015 |a SNBA2010/02-00825 
020 |a 9788089275182  |q (brož.) 
035 |a eba2ebec-64bb-44c5-ae17-cd467653dea8 
035 |a urn:nbn:sk:snk-amjs9j 
035 |a urn:nbn:sk:snk:ar-a0cg4y 
040 |a SNK  |b slo  |c SNK  |e AACR2 
041 0 |a slo  |a cze  |a eng  |b eng 
043 |a e-xo--- 
044 |a xo  |c SK 
072 7 |a 656  |x Doprava  |2 konspekt 
080 |a 656.025.2  |2 2001 
080 |a (062.534)  |2 2001 
111 2 |a Verejná osobná doprava  |d (2009 :  |c Bratislava, Slovensko)  |9 132049 
245 0 0 |a Verejná osobná doprava 2009  |b medzinárodná konferencia : zborník konferencie : 10.-11. september 2009, Bratislava, Slovak Republic  |c [kolektív] 
246 1 1 |a Public passenger transport 2009  |b international conference : proceegings 
250 |a 1. vyd. 
260 |a Bratislava  |b Kongres management  |c 2009 
300 |a 140 s.  |b fotogr., grafy, mp., tab.  |c 29 cm 
500 |a Hrebeňová väzba 
504 |a Bibliogr. odkazy 
546 |a Čiast. text čes. a angl. Res. angl. 
650 0 7 |a osobná doprava  |2 SNKPH  |9 68494 
650 0 7 |a Passenger traffic  |2 SNKPHeng  |9 349320 
655 7 |a zborníky konferencií  |2 SNKPH  |9 70153 
655 7 |a Proceedings of conferences  |2 SNKPHeng  |9 265791 
655 7 |a issue_zb  |2 SNK  |9 276493 
852 |a Slovenská národná knižnica 
919 |a 978-80-89275-18-2 
954 |a odborná, vedecká literatúra pôvodná (slovenská)  |2 lita 
954 |a odborná, vedecká literatúra cudzojazyčná (svetová)  |2 lita 
958 |a ART 
958 |a NB 
958 |a OND 
968 |d 65 
999 |c 1176021  |d 1177951 
952 |a SNK  |b SNK  |y PREZ  |7 0  |p 17A0641563  |o snkSB 78855  |i snk2010/668  |8 0  |0 0  |1 0  |4 0  |d 2010-01-14  |f 1  |l 0  |r 2025-04-29 00:00:00  |w 2026-02-24 
952 |a SNK  |b SNK  |y VYP  |7 0  |p 17A0641562  |o snkSB 78855 D1  |i snk2010/669  |8 0  |0 0  |1 0  |4 0  |d 2010-01-14  |l 0  |r 2016-06-30 00:00:00  |w 2026-02-24